书目信息 |
| 题名: |
黑客攻击与防范技巧
|
|
| 作者: | 李明柱 , 时忆杰 编著 | |
| 分册: | ||
| 出版信息: | 2002.07 |
|
| 页数: | 395页 | |
| 开本: | 26cm | |
| 丛书名: | ||
| 单 册: | ||
| 中图分类: | TP393.08 | |
| 科图分类: | ||
| 主题词: | 计算机应用 | |
| 电子资源: | ||
| ISBN: | 7-81077-176-0 | |
| 000 | 00570nam0 2200193 45 | |
| 001 | 0459051559 | |
| 005 | 2004052516241127 | |
| 010 | @a7-81077-176-0@dCNY 45.00 | |
| 100 | @a20040525d2002 km y0chiy0120 ea | |
| 101 | 0 | @achi |
| 200 | 1 | @a黑客攻击与防范技巧@AHei Ke Gong Ji Yu Fang Fan Ji Qiao@f李明柱,时忆杰编著@FLi Ming Zhu,Shi Yi Jie Bian Zhu |
| 210 | @d2002.07 | |
| 215 | @a395页@d26cm | |
| 606 | 0 | @a计算机应用 |
| 690 | @aTP393.08@v3 | |
| 701 | 0 | @a李明柱@ALi Ming Zhu@4编著 |
| 701 | 0 | @a时忆杰@AShi Yi Jie@4编著 |
| 801 | 0 | @aCN@bPFT@c20040525 |
| 905 | @dTP393.08@eL219 | |
| 黑客攻击与防范技巧/李明柱,时忆杰编著.-2002.07 |
| 395页;26cm |
| ISBN 7-81077-176-0:CNY 45.00 |
| ● |
| 相关链接 |
|
|
|
正题名:黑客攻击与防范技巧
索取号:TP393.08/L219
 
预约/预借
| 序号 | 登录号 | 条形码 | 馆藏地/架位号 | 状态 | 备注 |
| 1 | 383697 | 203836974 | 自科库301/301自科库 122排1列3层/ [索取号:TP393.08/L219] | 在馆 | |
| 2 | 383698 | 203836983 | 自科库301/301自科库 122排1列3层/ [索取号:TP393.08/L219] | 在馆 | |
| 3 | 383699 | 203836992 | 自科二线404/301自科库 117排1列3层/ [索取号:TP393.08/L219] | 在馆 |